| 000 | 01273cam a2200349 i 4500 | ||
|---|---|---|---|
| 003 | EG-ScBUE | ||
| 005 | 20240610095507.0 | ||
| 008 | 110303s2011 enka f b 001 0 eng d | ||
| 020 | _a9781848854758 (hbk.) | ||
| 020 | _a1848854757 (hbk.) | ||
| 035 | _a(OCoLC)ocn678883474 | ||
| 035 | _a(OCoLC)678883474 | ||
| 040 |
_aNLE _beng _erda _cNLE _dBWK _dCDX _dUAT _dYDXCP _dBWX _dDLC _dWaSeSS _dEG-ScBUE |
||
| 043 | _af-rh--- | ||
| 082 | 0 | 4 |
_a968.91 _bBRO _222 |
| 100 | 1 |
_aBrownell, Josiah, _eauthor. |
|
| 245 | 1 | 4 |
_aThe collapse of Rhodesia : _bpopulation demographics and the politics of race / _cJosiah Brownell. |
| 264 | 1 |
_aLondon ; _aNew York : _bI. B. Tauris, _c2011. |
|
| 300 |
_axiv, 241 pages : _billustrations ; _c23 cm. |
||
| 336 |
_2rdacontent _atext _btxt |
||
| 337 |
_aunmediated _2rdamedia _bn |
||
| 338 |
_avolume _bnc _2rdacarrier |
||
| 490 | 0 |
_aInternational library of African studies ; _v28 |
|
| 504 | _aIncludes bibliographical references and index. | ||
| 651 | 7 |
_aZimbabwe _xPopulation. _2BUEsh |
|
| 651 | 7 |
_aZimbabwe _xEmigration and immigration _xGovernment policy. _2BUEsh |
|
| 651 | 7 |
_aZimbabwe _xHistory _y1965-1980. _2BUEsh |
|
| 651 | 7 |
_aZimbabwe _xHistory _y1890-1965. _2BUEsh |
|
| 653 |
_bBUSBOL _cMarch2017 |
||
| 655 | _vReading book | ||
| 942 |
_2ddc _cBB |
||
| 999 |
_c24478 _d24450 |
||